Placrosym 6. Proceedings of the sixth symposium on plantation crops. 1984 (Record no. 43295)

MARC details
000 -LEADER
fixed length control field 00538nam a2200181Ia 4500
082 ## - DEWEY DECIMAL CLASSIFICATION NUMBER
Classification number 633(06)1984
Item number PLA.6
245 #0 - TITLE STATEMENT
Title Placrosym 6. Proceedings of the sixth symposium on plantation crops. 1984
260 ## - PUBLICATION, DISTRIBUTION, ETC. (IMPRINT)
Place of publication New Delhi
Name of publisher Oxford & IBH
Year of publication 1987
650 ## - SUBJECT ADDED ENTRY--TOPICAL TERM
Topical Term Crop botany
650 ## - SUBJECT ADDED ENTRY--TOPICAL TERM
Topical Term Hevea variability
650 ## - SUBJECT ADDED ENTRY--TOPICAL TERM
Topical Term Plant protection
650 ## - SUBJECT ADDED ENTRY--TOPICAL TERM
Topical Term Plantation crops
650 ## - SUBJECT ADDED ENTRY--TOPICAL TERM
Topical Term Plantation crops
650 ## - SUBJECT ADDED ENTRY--TOPICAL TERM
Topical Term Plantation crops extension
650 ## - SUBJECT ADDED ENTRY--TOPICAL TERM
Topical Term Rubber weed control
942 ## - ADDED ENTRY ELEMENTS (KOHA)
Koha item type Books
Holdings
Withdrawn status Lost status Damaged status Not for loan Home library Current library Date acquired Source of acquisition Full call number Accession Number Koha item type
        RRII Library RRII Library 16/12/2021 Gift 633(06)1984 PLA.6 G00017 Books